| 000 | 01011cam a2200241 4500 | ||
|---|---|---|---|
| 001 | ABS63390 | ||
| 008 | 000000n2001 000 0 eng u | ||
| 035 | _a(Sirsi) u110526 | ||
| 100 | _aGreenwood, D. | ||
| 245 | _aSubcontract procurement: are relationships changing? | ||
| 260 | _c2001 | ||
| 490 |
_aConstruction Management and Economics _v19(1) January 2001, 5-7(3) |
||
| 520 | _aRecent media coverage seems to suggest that there has been a change in main contractors attitudes to subcontract procurement. This article, however, cautions against this belief arguing that the relationship between most contractors and their subcontractors is based on traditional, cost driven and adversarial lines. Includes references and statistical data. | ||
| 590 | _aABS | ||
| 650 | _aBUILDING CONTRACTORS | ||
| 650 | _aProcurement-old | ||
| 650 | _aRELATIONSHIPS | ||
| 650 | _aSPECIALIST CONTRACTORS | ||
| 650 | _aSUBCONTRACTING | ||
| 650 | _aSUBCONTRACTORS | ||
| 690 |
_aProcurement _96260 |
||
| 942 | _n0 | ||
| 999 |
_c65884 _d65884 |
||